书目信息 |
| 题名: |
2019考研教育学历年真题超详标准解析
|
|
| 作者: | ;全国考研教育学配套教材编委会 编 | |
| 分册: | ||
| 出版信息: | 北京 高等教育出版社 2018 |
|
| 页数: | 222页 | |
| 开本: | 26cm | |
| 丛书名: | ||
| 单 册: | ||
| 中图分类: | G40-44 , G40 | |
| 科图分类: | ||
| 主题词: | 教育学--jiao yu xue--研究生--入学考试--题解 | |
| 电子资源: | ||
| ISBN: | 978-7-04-049868-4 | |
| 000 | 01616nam0 2200265 450 | |
| 001 | 012001003488 | |
| 005 | 20140113130818.0 | |
| 010 | @a978-7-04-049868-4@dCNY38.00 | |
| 099 | @aCAL 012018104007 | |
| 100 | @a20180903d2018 em y0chiy50 ea | |
| 101 | 0 | @achi |
| 102 | @aCN@b110000 | |
| 105 | @ay z 000yy | |
| 106 | @ar | |
| 200 | 1 | @a2019考研教育学历年真题超详标准解析@A2019 Kao Yan Jiao Yu Xue Li Nian Zhen Ti Chao Xiang Biao Zhun Jie Xi@e高教版@f全国考研教育学配套教材编委会编 |
| 210 | @a北京@c高等教育出版社@d2018 | |
| 215 | @a222页@d26cm | |
| 330 | @a2019考研教育学历年真题超详标准解析, 是市面上最权威的第一时间超详解析教育学真题官方答案和评分标准的真题书, 全面解读考研教育学真相, 考研命题人倾力推荐。2019考研教育学历年真题超详标准解析, 汇集了2009-2018年教育部考试中心公布的官方真题及标准答案和评分标准, 是市场面上真题收录最全、答案最权威、最准确的真题汇编书。考研教育学由于考点成熟稳定, 纵观各年考题重复出现的频率也很高, 呈现一定的规律性, 因此研究并掌握历年真题是取得高分的必要条件。2018考研教育学历年真题超详标准解析在内容设计和解析角度上吸取了市面上所有真题的精华, 真实还原命题人的命题思路, 剖析命题特点、训练解题技巧、学会答题要领。每年真题官方标准答案和解析都由高教社第一时间通过本书奉献给广大考生。 | |
| 517 | 1 | @a考研教育学历年真题超详标准解析@AKao Yan Jiao Yu Xue Li Nian Zhen Ti Chao Xiang Biao Zhun Jie Xi |
| 606 | 0 | @a教育学@Ajiao yu xue@x研究生@x入学考试@j题解 |
| 690 | @aG40-44@v5 | |
| 690 | @aG40@v5 | |
| 711 | 02 | @a全国考研教育学配套教材编委会@AQuan Guo Kao Yan Jiao Yu Xue Pei Tao Jiao Cai Bian Wei Hui@4编 |
| 801 | @b江苏凤凰@c20191020 | |
| 905 | @b1236219-24@dG40-44@e1050@f6 | |
| 2019考研教育学历年真题超详标准解析:高教版/全国考研教育学配套教材编委会编.-北京:高等教育出版社,2018 |
| 222页;26cm |
| ISBN 978-7-04-049868-4:CNY38.00 |
| 2019考研教育学历年真题超详标准解析, 是市面上最权威的第一时间超详解析教育学真题官方答案和评分标准的真题书, 全面解读考研教育学真相, 考研命题人倾力推荐。2019考研教育学历年真题超详标准解析, 汇集了2009-2018年教育部考试中心公布的官方真题及标准答案和评分标准, 是市场面上真题收录最全、答案最权威、最准确的真题汇编书。考研教育学由于考点成熟稳定, 纵观各年考题重复出现的频率也很高, 呈现一定的规律性, 因此研究并掌握历年真题是取得高分的必要条件。2018考研教育学历年真题超详标准解析在内容设计和解析角度上吸取了市面上所有真题的精华, 真实还原命题人的命题思路, 剖析命题特点、训练解题技巧、学会答题要领。每年真题官方标准答案和解析都由高教社第一时间通过本书奉献给广大考生。 |
| ● |
| 相关链接 |
|
|
|
|
正题名:2019考研教育学历年真题超详标准解析
索取号:G40-44/1050
 
预约/预借
| 序号 | 登录号 | 条形码 | 馆藏地/架位号 | 状态 | 备注 |
| 1 | 1236219 | 212362192 | 第一样本阅览室/ [索取号:G40-44/1050] | 在馆 | |
| 2 | 1236220 | 212362209 | 教育系资料室/ [索取号:G40-44/1050] | 在馆 | |
| 3 | 1236221 | 212362218 | 教育系资料室/ [索取号:G40-44/1050] | 在馆 | |
| 4 | 1236222 | 212362227 | 教育系资料室/ [索取号:G40-44/1050] | 在馆 | |
| 5 | 1236223 | 212362236 | 第四借阅区/ [索取号:G40-44/1050] | 在馆 | |
| 6 | 1236224 | 212362245 | 第四借阅区/ [索取号:G40-44/1050] | 在馆 |